| 000 | 00534nam a2200097Ia 4500 | ||
|---|---|---|---|
| 008 | 170517s9999 xx 000 0 und d | ||
| 245 | 4 | _aThe English Surgeon | |
| 300 | _aHenry Thomas Marsh, (born 1950) is a leading British neurosurgeon, and a pioneer of neurosurgical advances in Ukraine. Marsh originally read Politics, Philosophy and Economics at Oxford, achieving First Class Honours, before graduating with Honours in Medicine from London... | ||
| 650 | _xTechnology. | ||
| 856 | _uhttp://topdocumentaryfilms.com/the-english-surgeon/ | ||
| 999 |
_c335107 _d335107 |
||